O sonho do palhaço (Registo nº 3892)

Detalhes MARC
000 -Etiqueta do registo
Cabeçalho 00452cam a2200181 i 4500
005 - Identificador da versão
Campo de controlo 20240813122047.0
021 ## - Número do Depósito Legal
Código do país PT
Número 23335/88
100 ## - Dados gerais de processamento
Dados gerais de processamento 20101025 1988 c y0pory5003 ba
102 ## - Pais de publicação ou produção
País de publicação Portugal
101 0# - Língua de publicação
Língua do texto, banda sonora, etc. Português
215 ## - Descrição física 
Indicação específica da natureza do documento e extensão da espécie 67 p.
200 1# - Titulo e menção de responsabilidade
Título próprio O sonho do palhaço
Primeira menção de responsabilidade Maria Alzira Cabral
Outras menções de responsabilidade il. Isabel Quintino
210 ## - Publicação, Distribuição, etc. 
Lugar da edição, distribuição, etc. Lisboa
Nome do editor, distribuidor, etc. Plátano Editora
Data da publicação, distribuição, etc. 1988
700 #1 - Nome de autor-pessoa física (responsabilidade principal)
Número de registo de entrada de autoridade 0000353
Palavra de ordem Cabral
Outra parte do nome não tomada para palavra de ordem Maria Alzira
942 ## - Elementos de entrada adicionados (Koha)
Tipo de item no Koha Livro
Exemplares
Situação do levantamento Origin of item (home branch) (coded) Biblioteca de empréstimo Código de barras Cota Circulation type (not for loan) Tipo de documento Nota do exemplar Damaged status
  Biblioteca Escolar das Vendas Biblioteca Escolar das Vendas BEV239 8POR CAB   Livro Sem mensagem